000 01029nas a2200301 4500
001 BR8401503
003 BR-BrBNA
005 20231205085836.0
007 ta
008 230509b bl.|||p| |||| 00| 00por d
040 _aBR-BrBNA
_bpor
_cBiblioteca Nacional de Agricultura
041 _a(Pt)
072 _aL72
100 1 _aBusetti, E.T.
100 1 _aPaske, A.
100 1 _aRuis, M.C.E.
100 1 _aThomaz, V.
100 1 _aGolinelli, A.
111 1 _a7. Congresso da Sociedade Brasileira de Parasitologia
_cPorto Alegre, RS (Brazil)
_dFeb 1982
245 1 _aHelmintos parasitos de Bubalus bubalis no estado do Parana, Brasil [bufalo]
246 1 _aIncidence of helminths in Bubalus bubalis in the State of Parana, Brazil [bufalo]
650 _aBUFALO
650 _aVERMINOSE
650 _aPARANÁ
773 0 _tArquivo Brasileiro de Medicina Veterinaria e Zootecnia (Brazil)
_xISSN 0365-8384
_g(Jun 1983), v. 35(3) p. 399-404
_wBR8401503
909 _a202311
_bLúcia
_c55
_dLúcia Elande
942 _2AGRIS
_n0
_cANA
999 _c114216
_d114216